Academia. revista sobre enseñanza del derecho de Buenos Aires / Año 1, Número 1 :
Guardado en:
| Formato: | Revista |
|---|---|
| Idioma: | Undetermined |
| Publicado: |
Buenos Aires :
Rubinzal - Culzoni,
2003.
|
| Materias: | |
| Etiquetas: |
Agregar Etiqueta
Sin Etiquetas, Sea el primero en etiquetar este registro!
|
| LEADER | 00632nas a22001695a 4500 | ||
|---|---|---|---|
| 001 | DER.der014865 | ||
| 008 | 231025s2003####ag#uu#p#######0####|und#d | ||
| 005 | 20240314084322.0 | ||
| 245 | 1 | 0 | |a Academia. |b revista sobre enseñanza del derecho de Buenos Aires / |n Año 1, Número 1 : |c Departamento de publicaciones/ Facultad de Derecho. Universidad de Buenos Aires. |
| 260 | |a Buenos Aires : |b Rubinzal - Culzoni, |c 2003. | ||
| 300 | |a 208 p. | ||
| 310 | |a semestral | ||
| 022 | |a 1667-4154 | ||
| 650 | 7 | |a ENSEÑANZA SUPERIOR | |
| 650 | 7 | |a PLANIFICACION DE LA EDUCACION | |
| 650 | 7 | |a FILOSOFIA DEL DERECHO | |
| 859 | |a DERECHO |b BIB. DERECHO |h 375.83 |i ACA |p 003335 | ||
